01491nam a2200265 a 4500008004100000090001700041245017100058260004700229300003400276500014700310500027200457504005400729650003900783650003700822710003400859710007800893907003500971003000101006005001701007040000901024049000901033942002401042999001901066952014001085  aQH77.A35AFR 00aAfrican biodiversity :bfoundation for the future : a framework for integrating biodiversity conservation and sustainable development /cBiodiversity Support Program. a[Washington, D.C.] :bThe Program,cc1993. axxi, 149 p. :bill. ;c28 cm. a"Report funded by Division of Food, Agriculture and Resources Analysis, Office of Analysis, Research and Technical Suport, Bureau for Africa." aTitle "is the principal product of the first phase of the Biodiversity Analysis for Aftica (BAA) Project, implemented by the Biodiversity Support Program (BSP) and funded by the Africa Bureau of the United States Agency for International Development (USAID)."--P. ix. aIncludes bibliographical references (p. 137-149). 0aBiodiversity conservationzAfrica. 0aSustainable developmentzAfrica.1 aBiodiversity Support Program.2 aUnited States.bAgency for International Development.bBureau for Africa. a.b10229346b06-02-07c06-02-0720230123134349.0 cNUST aMAIN cBOOKSkQH77.A35AFR  c164607d164607 r2023-01-23 00:00:00l5oQH77.A35 AFR p92003022793v80.00w2023-01-23yBOOKS102LCC40708NFIC00aMAINbMAINcGENd2023-01-23g80.00